Normal view MARC view

Entry Personal Name

Number of records used in: 1

001 - CONTROL NUMBER

  • control field: 23613

003 - CONTROL NUMBER IDENTIFIER

  • control field: OSt

005 - DATE AND TIME OF LATEST TRANSACTION

  • control field: 20211105134758.0

008 - FIXED-LENGTH DATA ELEMENTS

  • fixed length control field: 211105|| aca||aabn | a|a d

040 ## - CATALOGING SOURCE

  • Original cataloging agency: OSt
  • Transcribing agency: OSt

100 ## - HEADING--PERSONAL NAME

  • Personal name: Jones, Lawrence, ed

670 ## - SOURCE DATA FOUND

  • Source citation: Work cat.: (OSt): International Symposium on Very High Energy Cosmic-Ray Interactions 8 Ann Arbor, MI, USA 1992 June 21-27 23612, Very high energy cosmic-ray interactions, 1993

Powered by Koha